Every Upside Down European Country Shape - Statistics

General Stats
  • This quiz has been taken 2,497 times
  • The average score is 36 of 45
Answer Stats
Country % Correct
Italy
99%
United Kingdom
99%
France
97%
Germany
96%
Norway
95%
Greece
94%
Iceland
93%
Russia
92%
Spain
92%
Denmark
90%
Netherlands
89%
Portugal
88%
Croatia
87%
Finland
85%
Malta
85%
Austria
83%
Kosovo
83%
Poland
82%
Sweden
82%
Albania
81%
Monaco
81%
Ukraine
78%
Czech Republic
77%
Estonia
77%
Ireland
76%
Romania
76%
Vatican City
76%
Slovenia
75%
Serbia
74%
Slovakia
74%
Switzerland
74%
Bulgaria
72%
Latvia
70%
Lithuania
70%
Luxembourg
70%
Moldova
69%
Bosnia and Herzegovina
68%
Belarus
67%
Belgium
67%
Hungary
67%
Liechtenstein
67%
Montenegro
66%
Macedonia
62%
Andorra
60%
San Marino
60%
No matching quizzes found
Score Distribution
Percent of People with Each Score
Percentile by Number Answered
Your Score History
You have not taken this quiz